000 00592nam a2200181Ia 4500
003 GCL
008 140319s9999 xx 000 0 ara d
040 _aGCL /
_cGCL
082 0 4 _a813.01
_bص ع
100 1 _aصلاح الزين
245 1 0 _aعنهما والاكليل والانتظار /
_cصلاح الزين
260 _a[S.N] :
_bمركز الدراسات السياسية والاستراتيجية - الأهرام ،
_c1992
300 _a94 ص
490 _aالسلسلة الادبية
_v0
650 0 4 _aالقصص القصيرة
650 0 4 _aالقصص
942 _2ddc
_cBK
999 _c53271
_d53271